01243nam a2200193 a 450000100100000000500170001000800410002704000250006808200160009310000360010924501290014526000700027430000340034450002910037895201290066995201140079895201200091299900170103200002814920200930031406.0110407s1981 dr ac r 000 0 spa d aDO-SdBNPbspacBNPHU axxxxbF633i1 aFlorentino R., José E.95515110aIncidencia de la Corporación Dominicana de Electricidad en el desarrollo económico del país /cJosé E. Florentino R. aSanto Domingo :bCorporación Dominicana de Electricidad,c1981. a17 p. :bil., retr. ;c21 cm. aDiscurso pronunciado por el Lic. José E. Florentino R., Administrador General de la Corporación Dominicana de Electricidad, durante el almuerzo de la Cámara de Comercio, Agricultura e Industria del Distrito Nacional, inc., celebrado en el Hotel Lina, el día 12 de marzo de 1981. 001054708DSaGRbGRcCTd2011-04-07iLF1l0oxxxx F633ip28149-30r2020-06-25te. 3w2020-06-25yLFDSZPréstamo en sala 0010718PDaPDbPDcCTd2011-04-07iLF1l0oxxxx F633ip28149-10r2020-06-25w2020-06-25yLFPDZNo se presta 0010718PDaPDbPDcCTd2011-04-07iLF1l0oxxxx F633ip28149-20r2020-06-25te. 2w2020-06-25yLFPDZNo se presta c27641d27641